Lecciones de caligrafías aplicada a la escritura inglesa.
Gespeichert in:
| 1. Verfasser: | |
|---|---|
| Format: | Buch |
| Sprache: | Spanisch |
| Erschienen: |
[Guanajuato]
[Imprenta del Estado a cargo de J. Palencia]
[1890]
|
| Katalog: | MANES: Suchergebnis im Bibliothekskatalog |
| Schulbuchspezifische Eigenschaften: |
|
| Tags: |
Tag hinzufügen
Keine Tags, Fügen Sie den ersten Tag hinzu!
|
| Hinzugefügt zu: | 26.10.2018 |
| Geändert in: | 20.05.2026 |
MARC
| LEADER | 00000nam a2200000 4500 | ||
|---|---|---|---|
| 005 | 20260520171842.0 | ||
| 008 | 181027b xxu||||| |||| 00| 0 spa d | ||
| 040 | |a centro_manes |c universidad_colima | ||
| 100 | |9 22773 |a Escamilla, Juan B. | ||
| 245 | |a Lecciones de caligrafías aplicada a la escritura inglesa. | ||
| 260 | |a [Guanajuato] |b [Imprenta del Estado a cargo de J. Palencia] |c [1890] | ||
| 300 | |a [26 p.] |c [23 cm.] | ||
| 500 | |a Aparece: Francisco Ziga, "Bibliografía Pedagógica. Libros de texto para enseñanza primaria:1850-1970 V. Libros de Gramática" en Boletín del Instituto de Investigaciones Bibliográficas 1981-1982, Biblioteca Nacional, Hemeroteca Nacional, Universidad Nacional Autónoma de México, Nos. 18 - 19,p. 159. |a [3 lám.] | ||
| 546 | |a México | ||
| 690 | 0 | |a LEN | |
| 691 | 0 | |a PRI | |
| 942 | |2 ddc |c BK | ||
| 999 | |c 52862 |d 52862 | ||
| 999 | |c manes:52862 |d 52862 | ||